Statistics for Lego Star Wars II: The Original Trilogy (2006) Playable Characters

Click here to take the quiz!

General Stats

  • This quiz has been taken 60 times
  • The average score is 53 of 68

Answer Stats

Answer% Correct
BoughtAnakin Skywalker (Ghost)
100%
UnlockableDarth Vader
100%
UnlockablePrincess Leia
97%
UnlockableLuke Skywalker (Stormtrooper)
97%
UnlockableLuke Skywalker (Endor)
97%
UnlockableLuke Skywalker (Bespin)
97%
BoughtLuke Skywalker (Hoth)
97%
UnlockableLuke Skywalker (Dagobah)
97%
UnlockableLuke Skywalker (Pilot)
97%
UnlockableLuke Skywalker (Jedi)
97%
UnlockableLuke Skywalker (Tatooine)
97%
UnlockableR2-D2
97%
UnlockableC-3PO
97%
UnlockableHan Solo (Stormtrooper)
95%
BoughtHan Solo (Hood)
95%
UnlockableHan Solo (Endor)
95%
UnlockablePrincess Leia (Endor)
95%
UnlockablePrincess Leia (Slave)
95%
UnlockableHan Solo (Skiff)
95%
UnlockablePrincess Leia (Boushh)
95%
UnlockableHan Solo (Hoth)
95%
UnlockablePrincess Leia (Bespin)
95%
UnlockableBen Kenobi
95%
BoughtPrincess Leia (Prisoner)
95%
UnlockableHan Solo
95%
BoughtBen Kenobi (Ghost)
95%
UnlockablePrincess Leia (Hoth)
95%
BoughtSnowtrooper
92%
BoughtBeach Trooper
92%
BoughtTIE Pilot
92%
BoughtDeath Star Trooper
92%
BoughtSandtrooper
92%
BoughtStormtrooper
92%
UnlockableChewbacca
92%
UnlockableYoda
89%
BoughtYoda (Ghost)
89%
BoughtThe Emperor
87%
UnlockableLando Calrissian
84%
UnlockableLando Calrissian (Palace Guard)
84%
BoughtBoba Fett
84%
BoughtRebel Pilot
82%
UnlockableRebel Friend
82%
BoughtRebel Trooper
82%
BoughtRebel Trooper (Hoth)
82%
UnlockableWicket
74%
BoughtEwok
74%
BoughtJawa
63%
BoughtImperial Shuttle Pilot
61%
BoughtIG-88
61%
UnlockableCaptain Antilles
61%
BoughtImperial Officer
58%
BoughtBossk
58%
Bought4-LOM
55%
BoughtBib Fortuna
55%
BoughtGreedo
53%
BoughtLobot
50%
BoughtTusken Raider
50%
BoughtSkiff Guard
47%
BoughtGrand Moff Tarkin
47%
BoughtGamorrean Guard
45%
BoughtBespin Guard
45%
BoughtDengar
42%
BoughtPalace Guard
39%
BoughtRoyal Guard
39%
BoughtAdmiral Ackbar
39%
BoughtGonk Droid
24%
BoughtImperial Spy
24%
BoughtUgnaught
18%

Score Distribution

Percentile by Number Answered

Percent of People with Each Score

Your Score History

You have not taken this quiz